[Event "4NCL Division 3 North"]
[Site "Doncaster, ENG"]
[Date "2019.01.13"]
[Round "4.45"]
[White "Edwards, Simon R"]
[Black "Woodard, Brian"]
[Result "1-0"]
[WhiteElo "1968"]
[BlackElo "1685"]
[PlyCount "89"]
[EventDate "2019.01.13"]
[WhiteTeam "Cheddleton 2"]
[BlackTeam "Manx Liberty 2"]

1. e4 c6 2. d4 d5 3. e5 e6 4. f4 c5 5. Nf3 Nc6 6. c3 Qb6 7. dxc5 Bxc5 8. Bd3
Bf2+ 9. Kf1 Be3 10. Na3 Bxc1 11. Qxc1 a6 12. Nc2 Nge7 13. Rb1 Bd7 14. Qe3 Qxe3
15. Nxe3 h6 16. Kf2 Rb8 17. Rhd1 O-O 18. Kg1 Rbd8 19. Rbc1 Bc8 20. a4 b6 21.
Nc2 Bb7 22. Ncd4 Nxd4 23. Nxd4 Rc8 24. f5 Nc6 25. fxe6 Nxd4 26. exf7+ Rxf7 27.
cxd4 Rfc7 28. Rxc7 Rxc7 29. Rd2 Bc8 30. Rc2 Rxc2 31. Bxc2 a5 32. Bd3 Kf7 33.
Kf2 Bd7 34. Bb5 Bf5 35. Ke3 Be6 36. Bd3 Bd7 37. Bc2 g6 38. b3 b5 39. axb5 Bxb5
40. Kd2 Be8 41. Kc3 Ke6 42. b4 axb4+ 43. Kxb4 g5 44. Kc5 h5 45. Bb3 1-0

[Event "4NCL Division 3 North"]
[Site "Doncaster, ENG"]
[Date "2019.01.13"]
[Round "4.46"]
[White "Dobson, Howard EJ"]
[Black "Davison, Colin F S"]
[Result "1-0"]
[WhiteElo "1610"]
[BlackElo "1866"]
[PlyCount "45"]
[EventDate "2019.01.13"]
[WhiteTeam "Manx Liberty 2"]
[BlackTeam "Cheddleton 2"]

1. e4 g6 2. d4 Bg7 3. Nf3 d6 4. Bc4 Nd7 5. Bxf7+ Kf8 6. Nc3 Bf6 7. Bb3 Nb6 8.
h3 e6 9. O-O c6 10. e5 dxe5 11. dxe5 Qxd1 12. Rxd1 Be7 13. Ne4 h6 14. c4 Rh7
15. Be3 Ke8 16. a4 Nd7 17. Bc2 Nf8 18. c5 Rg7 19. Rd2 g5 20. Rad1 Bd7 21. Ng3
Rd8 22. b4 Bc8 23. b5 1-0

[Event "4NCL Division 3 North"]
[Site "Doncaster, ENG"]
[Date "2019.01.13"]
[Round "4.51"]
[White "Trueman, Glenn"]
[Black "Turner, John M"]
[Result "1/2-1/2"]
[WhiteElo "1870"]
[BlackElo "1991"]
[PlyCount "68"]
[EventDate "2019.01.13"]
[WhiteTeam "Manchester Manticores 3"]
[BlackTeam "Holmes Chapel"]

1. e4 d5 2. exd5 Qxd5 3. Nf3 Bg4 4. Be2 Nc6 5. O-O e5 6. Nc3 Qd7 7. d3 Nf6 8.
Be3 Be7 9. a3 O-O 10. h3 Bf5 11. Nh4 Be6 12. Nf3 Rad8 13. Ng5 Bf5 14. Nf3 h6
15. Re1 Rfe8 16. Nd2 Nd4 17. Bf1 c5 18. Nde4 a6 19. Nxf6+ Bxf6 20. Ne4 Bxe4 21.
dxe4 Qe6 22. c3 Nf5 23. Qf3 Nxe3 24. Rxe3 c4 25. Rb1 Rd2 26. Re2 Red8 27. g3 b5
28. h4 R8d3 29. Re3 Rd6 30. Re2 Bd8 31. Rxd2 Rxd2 32. Rd1 Rxd1 33. Qxd1 Be7 34.
Qd5 Qxd5 1/2-1/2

[Event "4NCL Division 3 North"]
[Site "Doncaster, ENG"]
[Date "2019.01.13"]
[Round "4.52"]
[White "Doran, Chris"]
[Black "Tyton, Adam"]
[Result "1/2-1/2"]
[WhiteElo "1950"]
[BlackElo "1862"]
[PlyCount "32"]
[EventDate "2019.01.13"]
[WhiteTeam "Holmes Chapel"]
[BlackTeam "Manchester Manticores 3"]

1. e4 c6 2. Nc3 d5 3. Nf3 Bg4 4. h3 Bxf3 5. Qxf3 e6 6. d3 Nf6 7. Bd2 Bd6 8.
O-O-O Nbd7 9. g4 Ne5 10. Qg2 Ng6 11. h4 Qc7 12. exd5 Nxd5 13. Nxd5 cxd5 14. d4
O-O-O 15. Bd3 Nf4 16. Bxf4 Bxf4+ 1/2-1/2

[Event "4NCL Division 3 North"]
[Site "Doncaster, ENG"]
[Date "2019.01.13"]
[Round "4.53"]
[White "Taylor, Mark"]
[Black "Bennett, Patrick"]
[Result "0-1"]
[WhiteElo "1847"]
[BlackElo "2000"]
[PlyCount "69"]
[EventDate "2019.01.13"]
[WhiteTeam "Manchester Manticores 3"]
[BlackTeam "Holmes Chapel"]

1. e4 e6 2. d4 a6 3. Be3 b5 4. Bd3 Bb7 5. Nd2 f5 6. exf5 Bxg2 7. Qh5+ g6 8.
fxg6 Bg7 9. gxh7+ Kf8 10. hxg8=Q+ Kxg8 11. Qg6 Bxh1 12. Bg5 Qf8 13. h4 Qf7 14.
O-O-O Nc6 15. Ne2 Qxg6 16. Bxg6 Bd5 17. c3 e5 18. f4 exd4 19. Ne4 Rf8 20. N2g3
Bf7 21. Bf5 d6 22. Rg1 Bxa2 23. h5 Rf7 24. h6 Bxh6 25. Nf6+ Kf8 26. Ngh5 Bxg5
27. Rxg5 Ke7 28. Ne4 Rhf8 29. Neg3 Na5 30. cxd4 Nb3+ 31. Kd1 Nxd4 32. Bg6 Bb3+
33. Kc1 Rxf4 34. Nxf4 Rxf4 35. Bh5 0-1

[Event "4NCL Division 3 North"]
[Site "Doncaster, ENG"]
[Date "2019.01.13"]
[Round "4.54"]
[White "Mills, Colin J"]
[Black "Potter, Steven"]
[Result "1/2-1/2"]
[WhiteElo "1810"]
[BlackElo "1892"]
[PlyCount "69"]
[EventDate "2019.01.13"]
[WhiteTeam "Holmes Chapel"]
[BlackTeam "Manchester Manticores 3"]

1. f4 b6 2. Nf3 Bb7 3. e3 e6 4. g3 Nf6 5. Bg2 c5 6. O-O Be7 7. c3 O-O 8. d3 Qc7
9. Na3 a6 10. b3 Nd5 11. Qd2 d6 12. Nc2 Nd7 13. Bb2 Rac8 14. c4 Bf6 15. cxd5
Bxb2 16. Rab1 Bf6 17. dxe6 fxe6 18. Rfc1 e5 19. fxe5 Nxe5 20. Nxe5 Bxe5 21. d4
Bxg2 22. dxe5 Be4 23. exd6 Qd7 24. Rf1 Bxc2 25. Qxc2 Qxd6 26. Qc4+ Kh8 27.
Rxf8+ Rxf8 28. Rf1 Rxf1+ 29. Kxf1 b5 30. Qe4 h6 31. Ke2 Qf6 32. Kd3 Qf1+ 33.
Kd2 Qf2+ 34. Kd3 Qf1+ 35. Kd2 1/2-1/2

[Event "4NCL Division 3 North"]
[Site "Doncaster, ENG"]
[Date "2019.01.13"]
[Round "4.55"]
[White "Lonsdale, Jon I"]
[Black "Roberts, Malcolm A"]
[Result "1-0"]
[WhiteElo "1862"]
[BlackElo "1676"]
[PlyCount "121"]
[EventDate "2019.01.13"]
[WhiteTeam "Manchester Manticores 3"]
[BlackTeam "Holmes Chapel"]

1. e4 e6 2. d4 d5 3. e5 c5 4. c3 cxd4 5. cxd4 Nc6 6. Nf3 Nge7 7. Bd3 Ng6 8. O-O
Be7 9. Be3 O-O 10. Nc3 Nb4 11. Be2 Bd7 12. Rc1 a6 13. Qd2 Rc8 14. a3 Nc6 15. b4
b5 16. Bg5 Bxg5 17. Nxg5 h6 18. Nf3 Nce7 19. Bd3 Qb6 20. Ne2 Rc6 21. Rxc6 Bxc6
22. Nc1 Rc8 23. Nb3 Bb7 24. Rc1 Rc7 25. Bxg6 Nxg6 26. Rxc7 Qxc7 27. Nc5 Bc8 28.
g3 Ne7 29. Qc3 Nf5 30. Nd2 h5 31. Nf1 g6 32. Ne3 Nxe3 33. Qxe3 Kg7 34. Qg5 Kh7
35. h4 Kg7 36. g4 hxg4 37. h5 Kh7 38. hxg6+ fxg6 39. Qxg4 Qe7 40. Kg2 Kg7 41.
Kg3 Kf7 42. Qh4 Qe8 43. Qf6+ Kg8 44. Kg4 Kh7 45. Kg5 Qg8 46. Nd3 Bd7 47. Nf4
Qe8 48. Qxg6+ Qxg6+ 49. Nxg6 Kg7 50. Nf4 Kf7 51. Kh6 Be8 52. Kh7 Bd7 53. Nh3
Be8 54. Ng5+ Ke7 55. Kg7 Bh5 56. Nh3 Bg4 57. Nf4 Bf5 58. Ng6+ Ke8 59. Kf6 Bg4
60. Nf4 Kd7 61. Nd3 1-0

[Event "4NCL Division 3 North"]
[Site "Doncaster, ENG"]
[Date "2019.01.13"]
[Round "4.56"]
[White "Jones, Dewi"]
[Black "Livesey, R Nigel"]
[Result "0-1"]
[WhiteElo "1510"]
[BlackElo "1772"]
[PlyCount "88"]
[EventDate "2019.01.13"]
[WhiteTeam "Holmes Chapel"]
[BlackTeam "Manchester Manticores 3"]

1. Nf3 d5 2. g3 Nf6 3. Bg2 Bf5 4. d3 c6 5. O-O e6 6. Nbd2 h6 7. Qe1 Be7 8. e4
dxe4 9. dxe4 Bh7 10. e5 Nd5 11. c3 O-O 12. Qe2 Nd7 13. a4 Nc5 14. Qd1 Nd3 15.
Nc4 Qc7 16. Qe2 Nc5 17. Rd1 Nb3 18. Ra2 Bb1 19. Ra1 Nxa1 20. Bd2 Bh7 21. Rxa1
a5 22. Be3 Nxe3 23. Qxe3 Rad8 24. Nfd2 Rd3 25. Qe2 Rfd8 26. Be4 Bxe4 27. Nxe4
R3d5 28. Ncd6 Rxe5 29. f4 Rd5 30. c4 R5xd6 31. Nxd6 Qxd6 32. Re1 Qd4+ 33. Kh1
Bb4 34. Rf1 Qd3 35. Qxd3 Rxd3 36. Rb1 Rd2 37. b3 Re2 38. Kg1 Re1+ 39. Rxe1 Bxe1
40. Kf1 Bb4 41. Ke2 Kf8 42. Kf3 Ke7 43. Ke4 Kf6 44. g4 g5 0-1

[Event "4NCL Division 3 North"]
[Site "Doncaster, ENG"]
[Date "2019.01.13"]
[Round "4.61"]
[White "Rawlinson, Aidan M"]
[Black "McCarthy, Damian"]
[Result "1/2-1/2"]
[WhiteElo "2245"]
[BlackElo "1822"]
[PlyCount "112"]
[EventDate "2019.01.13"]
[WhiteTeam "Manchester Manticores 2"]
[BlackTeam "Bradford DCA Knights C"]

1. d4 d5 2. c4 c6 3. Nf3 Nf6 4. e3 Bf5 5. Nc3 e6 6. Nh4 Bg6 7. Be2 Nbd7 8. O-O
Bd6 9. g3 Qe7 10. Bd2 O-O 11. Nxg6 hxg6 12. Qb3 Rab8 13. Qc2 a6 14. e4 dxe4 15.
Nxe4 Nxe4 16. Qxe4 e5 17. dxe5 Qxe5 18. Qxe5 Bxe5 19. Rab1 Nf6 20. Bf3 Rbd8 21.
Ba5 Rd7 22. b3 Re8 23. Rbd1 Ree7 24. Rfe1 Rxd1 25. Rxd1 Rd7 26. Rxd7 Nxd7 27.
Kf1 f5 28. h4 Kf7 29. Ke2 Bd4 30. Bg2 Ne5 31. Bh3 Ke6 32. Bd2 Kf6 33. f3 Ke6
34. g4 Kf6 35. Bg5+ Ke6 36. h5 gxh5 37. gxf5+ Kd6 38. f6 gxf6 39. Bxf6 Nxf3 40.
c5+ Kc7 41. Kxf3 Bxf6 42. Ke4 Bc3 43. Kd3 Bb4 44. Kc4 a5 45. Bf5 h4 46. Kd4 b6
47. cxb6+ Kxb6 48. a4 Kc7 49. Ke3 Kd6 50. Kf2 Ke5 51. Bd3 Kf4 52. Kg1 Kg3 53.
Kh1 h3 54. Bc4 h2 55. Bg8 Bd6 56. Bc4 Kf2 1/2-1/2

[Event "4NCL Division 3 North"]
[Site "Doncaster, ENG"]
[Date "2019.01.13"]
[Round "4.62"]
[White "Dean, Robert A"]
[Black "Newton, Robert A"]
[Result "1-0"]
[WhiteElo "1811"]
[BlackElo "2042"]
[PlyCount "87"]
[EventDate "2019.01.13"]
[WhiteTeam "Bradford DCA Knights C"]
[BlackTeam "Manchester Manticores 2"]

1. e4 g6 2. d4 Bg7 3. c3 d5 4. e5 c5 5. Bd3 cxd4 6. cxd4 Nc6 7. Be3 h5 8. Nc3
a6 9. Nf3 Nh6 10. Rc1 Nf5 11. O-O O-O 12. Bb1 e6 13. Qe2 Nce7 14. Bg5 Qa5 15.
Rfd1 Bd7 16. a3 Rac8 17. h3 Rfe8 18. g4 hxg4 19. hxg4 Nh6 20. Ne1 Kf8 21. Ng2
Rc6 22. Nf4 Rec8 23. Qf3 Ke8 24. Kg2 Nhg8 25. Rh1 Rc4 26. Rh7 Kf8 27. Bxg6 Rxd4
28. Bxf7 Kxf7 29. Nh5+ Nf5 30. Rxg7+ Kf8 31. gxf5 exf5 32. Rxd7 Rg4+ 33. Kh2
Rxg5 34. Nf6 Nxf6 35. exf6 Rc4 36. Rh7 d4 37. Rh8+ Kf7 38. Qxb7+ Kxf6 39. Rh6+
Ke5 40. Qe7+ Kf4 41. Ne2+ Kf3 42. Rxc4 Rg2+ 43. Kh3 f4 44. Nxd4+ 1-0

[Event "4NCL Division 3 North"]
[Site "Doncaster, ENG"]
[Date "2019.01.13"]
[Round "4.63"]
[White "Hymer, Barry"]
[Black "Bramson, Mike"]
[Result "1-0"]
[WhiteElo "2020"]
[BlackElo "1809"]
[PlyCount "33"]
[EventDate "2019.01.13"]
[WhiteTeam "Manchester Manticores 2"]
[BlackTeam "Bradford DCA Knights C"]

1. d4 d5 2. Nc3 Nf6 3. e4 dxe4 4. f3 exf3 5. Nxf3 Bg4 6. Bc4 e6 7. O-O Bd6 8.
Bg5 Nbd7 9. Qe1 O-O 10. Ne5 Be7 11. Qh4 Bf5 12. Rae1 Nd5 13. Rxf5 exf5 14. Bxe7
Nxe7 15. Nxf7 Rxf7 16. Rxe7 Nb6 17. Bxf7+ 1-0

[Event "4NCL Division 3 North"]
[Site "Doncaster, ENG"]
[Date "2019.01.13"]
[Round "4.64"]
[White "Procter, Colin S"]
[Black "Webster, Richard J"]
[Result "1/2-1/2"]
[WhiteElo "1776"]
[BlackElo "1982"]
[PlyCount "78"]
[EventDate "2019.01.13"]
[WhiteTeam "Bradford DCA Knights C"]
[BlackTeam "Manchester Manticores 2"]

1. Nf3 d5 2. g3 c5 3. Bg2 Nc6 4. d4 e6 5. O-O Nf6 6. c4 cxd4 7. Nxd4 Bc5 8.
Nxc6 bxc6 9. a3 O-O 10. b4 Be7 11. Bb2 Ba6 12. c5 Nd7 13. Nd2 Bf6 14. Bxf6 Qxf6
15. Re1 Ne5 16. Nf3 Nxf3+ 17. Bxf3 e5 18. e3 Rfb8 19. Be2 Bxe2 20. Qxe2 a5 21.
Qd2 Rb5 22. Rab1 h5 23. h4 Rab8 24. Rb3 Rxc5 25. bxc5 Rxb3 26. Qxa5 Rb2 27. Rf1
e4 28. Qa4 Rb5 29. Qc2 Qe7 30. Rc1 Qa7 31. Qc3 Ra5 32. Qe5 Qb7 33. Qxh5 Qb2 34.
Qd1 Rxa3 35. Rb1 Qe5 36. Qd4 Qc7 37. Qb4 Ra7 38. Qb8+ Kh7 39. Qxc7 Rxc7 1/2-1/2

[Event "4NCL Division 3 North"]
[Site "Doncaster, ENG"]
[Date "2019.01.13"]
[Round "4.65"]
[White "Reed, John"]
[Black "Braham, Peter"]
[Result "1/2-1/2"]
[WhiteElo "1960"]
[BlackElo "1730"]
[PlyCount "104"]
[EventDate "2019.01.13"]
[WhiteTeam "Manchester Manticores 2"]
[BlackTeam "Bradford DCA Knights C"]

1. e4 d6 2. d4 Nf6 3. Nc3 g6 4. Nf3 Bg7 5. Be2 O-O 6. O-O c6 7. a4 a5 8. h3 Qc7
9. Be3 Bd7 10. Qd2 Na6 11. Bh6 e5 12. Bxg7 Kxg7 13. Rfe1 Rfe8 14. Bc4 Nb4 15.
Bb3 Be6 16. Bxe6 Rxe6 17. Rad1 h6 18. dxe5 dxe5 19. Nb1 Na6 20. Qc3 b6 21. b3
Nc5 22. Nfd2 Kh7 23. f3 Nh5 24. Nc4 Rae8 25. Nbd2 R8e7 26. Nf1 Nf4 27. Kh2 Rd7
28. Rxd7 Nxd7 29. g3 Nh5 30. Rd1 Nc5 31. Nfe3 Nf6 32. Kg2 Nb7 33. Ng4 Nxg4 34.
hxg4 b5 35. Ne3 b4 36. Qc4 Qb6 37. Re1 Nd6 38. Qe2 f6 39. Nc4 Qc5 40. Ne3 Re7
41. Rd1 Kg7 42. Qd2 Re6 43. Qd3 Kf7 44. Kf1 Kg7 45. Ke2 Kf7 46. Rh1 Kg7 47. Qd2
Qd4 48. Rd1 Qc5 49. Qd3 Kf7 50. Qa6 Re7 51. Rh1 Kg7 52. Qd3 Re6 1/2-1/2

[Event "4NCL Division 3 North"]
[Site "Doncaster, ENG"]
[Date "2019.01.13"]
[Round "4.66"]
[White "Clarke, Paul Rh"]
[Black "Hilton, Tim"]
[Result "0-1"]
[WhiteElo "1704"]
[BlackElo "1982"]
[PlyCount "52"]
[EventDate "2019.01.13"]
[WhiteTeam "Bradford DCA Knights C"]
[BlackTeam "Manchester Manticores 2"]

1. d4 Nf6 2. Bf4 e6 3. e3 c5 4. c3 b6 5. Nf3 Bb7 6. h3 cxd4 7. exd4 Be7 8. Be2
O-O 9. O-O d6 10. Re1 Nbd7 11. Nbd2 Qc7 12. Bd3 Rfe8 13. Ne4 Nf8 14. Nxf6+ Bxf6
15. Be4 Rad8 16. Bxb7 Qxb7 17. Qb3 Ng6 18. Bg5 Bxg5 19. Nxg5 Nf4 20. f3 Qe7 21.
Ne4 d5 22. Nf2 Qg5 23. g4 Qh4 24. Red1 Qg3+ 25. Kf1 Qg2+ 26. Ke1 Qg1+ 0-1

[Event "4NCL Division 3 North"]
[Site "Doncaster, ENG"]
[Date "2019.01.13"]
[Round "4.71"]
[White "White, Mark W"]
[Black "Pardoe, David"]
[Result "1-0"]
[WhiteElo "2015"]
[BlackElo "1705"]
[PlyCount "107"]
[EventDate "2019.01.13"]
[WhiteTeam "Jorvik"]
[BlackTeam "Manchester Manticores 4"]

1. e4 d5 2. exd5 Qxd5 3. Nc3 Qa5 4. d4 c6 5. Bc4 Nf6 6. Nge2 Bf5 7. O-O e6 8.
Bf4 Be7 9. a3 a6 10. Ng3 Bg6 11. Qd2 Nbd7 12. Rfe1 O-O 13. Nd5 Qd8 14. Nxe7+
Qxe7 15. Bb3 Nb6 16. c4 Qd7 17. Rad1 Rad8 18. Qa5 Na8 19. Bg5 Qc7 20. Qc3 Rd7
21. Bxf6 gxf6 22. Qf3 Qd8 23. h4 h6 24. h5 Bh7 25. Qf4 Kg7 26. Re3 f5 27. Nf1
Qf6 28. Rg3+ Kh8 29. Ne3 Rg8 30. Ng4 Qe7 31. Qe5+ Rg7 32. Nf6 Rxg3 33. fxg3 Rd8
34. Re1 Qd6 35. Qxd6 Rxd6 36. d5 Nc7 37. c5 Rd8 38. dxe6 fxe6 39. Bxe6 Nxe6 40.
Rxe6 Bg8 41. Nxg8 Kxg8 42. Re7 Rd5 43. b4 Rd3 44. Rxb7 Rxa3 45. Rb6 a5 46. bxa5
Rxa5 47. Rxc6 Kf7 48. Kf2 Ra2+ 49. Kf3 Rc2 50. Kf4 Rxg2 51. Rxh6 Rf2+ 52. Ke5
Rg2 53. c6 Ke7 54. Rh7+ 1-0

[Event "4NCL Division 3 North"]
[Site "Doncaster, ENG"]
[Date "2019.01.13"]
[Round "4.72"]
[White "Bridgeman, Matthew"]
[Black "Hodge, Steve R"]
[Result "0-1"]
[WhiteElo "1697"]
[BlackElo "1988"]
[PlyCount "58"]
[EventDate "2019.01.13"]
[WhiteTeam "Manchester Manticores 4"]
[BlackTeam "Jorvik"]

1. f4 g6 2. Nf3 d5 3. e3 Bg7 4. Be2 c5 5. O-O Nc6 6. d3 Nf6 7. Qe1 e6 8. Ne5
Qc7 9. Nxc6 Qxc6 10. Bf3 O-O 11. Nc3 Qb6 12. Na4 Qc7 13. Nc3 Bd7 14. e4 d4 15.
Ne2 Bc6 16. c4 dxc3 17. Nxc3 Rad8 18. Qe2 b6 19. g4 Qd7 20. Rd1 b5 21. g5 Ne8
22. e5 Nc7 23. Ne4 Bxe4 24. dxe4 Qxd1+ 25. Qxd1 Rxd1+ 26. Bxd1 Rd8 27. Be3 Bf8
28. Rc1 a6 29. Bxc5 Bxc5+ 0-1

[Event "4NCL Division 3 North"]
[Site "Doncaster, ENG"]
[Date "2019.01.13"]
[Round "4.73"]
[White "Cowan, Richard M"]
[Black "Grindrod, John"]
[Result "1-0"]
[WhiteElo "1893"]
[BlackElo "1735"]
[PlyCount "77"]
[EventDate "2019.01.13"]
[WhiteTeam "Jorvik"]
[BlackTeam "Manchester Manticores 4"]

1. e4 e6 2. d4 d5 3. e5 c5 4. c3 Nc6 5. Nf3 a6 6. a3 cxd4 7. cxd4 Nge7 8. Nc3
h6 9. Bd3 Qb6 10. O-O Bd7 11. Be3 Na5 12. b4 Nc4 13. Bxc4 dxc4 14. d5 Qd8 15.
d6 Nf5 16. Nd4 g6 17. Nxf5 gxf5 18. a4 Bg7 19. f4 h5 20. Qd4 Rc8 21. b5 f6 22.
Rab1 fxe5 23. fxe5 Qa5 24. Qh4 Qd8 25. Qg3 Kf8 26. bxa6 bxa6 27. Bg5 Qe8 28.
Rb7 Rg8 29. Be7+ Kf7 30. Ne4 Bc6 31. Ng5+ Kg6 32. Nxe6+ Kh7 33. Ng5+ Kh8 34.
Ra7 Bxa4 35. Qf4 Bd7 36. e6 Bb5 37. Qxf5 Bd4+ 38. Kh1 Rxg5 39. Bf6+ 1-0

[Event "4NCL Division 3 North"]
[Site "Doncaster, ENG"]
[Date "2019.01.13"]
[Round "4.74"]
[White "Pollard, Matthew B"]
[Black "Anderson, Paul W"]
[Result "1/2-1/2"]
[WhiteElo "1727"]
[BlackElo "1780"]
[PlyCount "74"]
[EventDate "2019.01.13"]
[WhiteTeam "Manchester Manticores 4"]
[BlackTeam "Jorvik"]

1. e4 e5 2. Nf3 Nf6 3. d3 Nc6 4. g3 d6 5. Bg2 Be7 6. O-O Bg4 7. h3 Be6 8. Nc3
h6 9. Be3 Qd7 10. Kh2 Nh7 11. d4 exd4 12. Nxd4 Bc4 13. Re1 O-O 14. b3 Be6 15.
Nxe6 fxe6 16. f4 Rad8 17. Qd2 e5 18. Nd5 Bf6 19. Rad1 exf4 20. Nxf4 Ne7 21. h4
g5 22. Nd5 gxh4 23. Bh3 hxg3+ 24. Kg2 Qe8 25. Bxh6 Ng6 26. Bxf8 Qxf8 27. Rf1
Qg7 28. Nxf6+ Nxf6 29. Qg5 Rf8 30. Bf5 Ne5 31. Be6+ Kh8 32. Rh1+ Nh7 33. Rxh7+
Qxh7 34. Rh1 Qxh1+ 35. Kxh1 Rf1+ 36. Kg2 Rg1+ 37. Kh3 Rh1+ 1/2-1/2

[Event "4NCL Division 3 North"]
[Site "Doncaster, ENG"]
[Date "2019.01.13"]
[Round "4.75"]
[White "Flint, Martina"]
[Black "Bridgeman, Niamh"]
[Result "1-0"]
[WhiteElo "1829"]
[BlackElo "1727"]
[PlyCount "85"]
[EventDate "2019.01.13"]
[WhiteTeam "Jorvik"]
[BlackTeam "Manchester Manticores 4"]

1. f4 f5 2. g3 Nf6 3. d3 e6 4. Bg2 d5 5. Nf3 Bd6 6. O-O O-O 7. c3 c6 8. h3 Nh5
9. Qe1 Kh8 10. d4 h6 11. Ne5 Bxe5 12. fxe5 g5 13. e3 b6 14. Kh2 Ba6 15. Rf2 c5
16. Na3 c4 17. Qe2 Ng7 18. Bd2 Nc6 19. Raf1 Qe7 20. g4 Rf7 21. gxf5 Rxf5 22.
Rxf5 Nxf5 23. Bxd5 Nfxd4 24. Qh5 Qg7 25. exd4 exd5 26. Rf7 Rf8 27. Rxg7 Kxg7
28. Kg2 Ne7 29. Nc2 Nf5 30. Be1 Bc8 31. Bf2 Bd7 32. Ne3 Ne7 33. Bg3 Be6 34. Ng4
Nf5 35. Nxh6 Nxh6 36. Qxg5+ Kh7 37. Qe7+ Rf7 38. Qxe6 Kg7 39. Qxd5 Nf5 40. Qe4
Ne7 41. e6 Rf5 42. Be5+ Kg6 43. d5 1-0

[Event "4NCL Division 3 North"]
[Site "Bolton, ENG"]
[Date "2019.02.09"]
[Round "5.11"]
[White "Scoular, Adam"]
[Black "Townsend, M Paul"]
[Result "0-1"]
[WhiteElo "1922"]
[BlackElo "2237"]
[PlyCount "116"]
[EventDate "2019.02.09"]
[WhiteTeam "Bolton & Worsley"]
[BlackTeam "White Rose 2"]

1. e4 g6 2. d4 Bg7 3. g3 d6 4. Bg2 Nf6 5. Ne2 O-O 6. O-O Nbd7 7. f4 e5 8. fxe5
dxe5 9. d5 c6 10. Nec3 cxd5 11. Nxd5 Nxd5 12. Qxd5 Qb6+ 13. Kh1 Nf6 14. Qb3 Qa6
15. Qd3 Qxd3 16. cxd3 b6 17. Bg5 Nd7 18. Be7 Re8 19. Bb4 a5 20. Ba3 b5 21. b4
Bf8 22. bxa5 b4 23. Bb2 Nc5 24. Bxe5 Rxe5 25. d4 Re7 26. dxc5 Bg7 27. e5 Rxa5
28. Nd2 Rxc5 29. Rac1 Rexe5 30. Nb3 Rxc1 31. Rxc1 Re8 32. Bc6 Rd8 33. Kg2 Bf5
34. Rc4 Bc3 35. Be4 Bxe4+ 36. Rxe4 Rd1 37. Re2 Rb1 38. Kf3 h5 39. Ke3 Kg7 40.
Kd3 g5 41. Kc4 Re1 42. Nd4 Rxe2 43. Nxe2 Be1 44. h3 f5 45. Kd5 Kf6 46. Kd6 h4
47. gxh4 Bxh4 48. Kd5 Be1 49. Ng1 g4 50. hxg4 fxg4 51. Ke4 Bg3 52. Ne2 Bd6 53.
Kd5 Bf8 54. Ke4 Kg5 55. Nf4 Bd6 56. Ne6+ Kh4 57. Nd4 Kh3 58. Kd5 Bf8 0-1

[Event "4NCL Division 3 North"]
[Site "Bolton, ENG"]
[Date "2019.02.09"]
[Round "5.12"]
[White "Dunworth, Christopher N"]
[Black "Harman, George"]
[Result "1-0"]
[WhiteElo "2259"]
[BlackElo "1810"]
[PlyCount "69"]
[EventDate "2019.02.09"]
[WhiteTeam "White Rose 2"]
[BlackTeam "Bolton & Worsley"]

1. b3 e5 2. Bb2 Nc6 3. e3 d5 4. Bb5 Bd6 5. Nf3 f6 6. c4 Nge7 7. Nc3 Be6 8. d4
exd4 9. Nxd4 Bf7 10. cxd5 a6 11. dxc6 axb5 12. cxb7 Rb8 13. Ndxb5 Rxb7 14.
Nxd6+ cxd6 15. O-O O-O 16. Qg4 Ng6 17. Rfd1 Rd7 18. Rd4 d5 19. Rad1 Ne5 20. Qg3
Qa8 21. Ra4 Qc6 22. h3 Rfd8 23. Rad4 Qb6 24. Na4 Qa7 25. R4d2 Qc7 26. Bd4 Bh5
27. Bb6 Qc6 28. Ra1 Rc8 29. Bd4 Rdc7 30. Bxe5 fxe5 31. Qxe5 Bf7 32. Rad1 Re8
33. Qd4 Re4 34. Qb6 Qd7 35. Nc5 1-0

[Event "4NCL Division 3 North"]
[Site "Bolton, ENG"]
[Date "2019.02.09"]
[Round "5.13"]
[White "McElvenny, Damien"]
[Black "Shaw, Peter"]
[Result "0-1"]
[WhiteElo "1780"]
[BlackElo "2085"]
[PlyCount "84"]
[EventDate "2019.02.09"]
[WhiteTeam "Bolton & Worsley"]
[BlackTeam "White Rose 2"]

1. e4 c5 2. Nc3 a6 3. a4 Nc6 4. f4 e6 5. Nf3 d5 6. exd5 exd5 7. d4 Nf6 8. Be3
cxd4 9. Bxd4 Bb4 10. Be2 O-O 11. O-O Nxd4 12. Qxd4 Qa5 13. Qe5 Qc5+ 14. Qd4 Qa5
15. Kh1 Bf5 16. Bd3 Bc5 17. Qe5 Bxd3 18. cxd3 Ng4 19. Qxd5 Ne3 20. Qh5 Nxf1 21.
Rxf1 Qb6 22. Ne4 Rac8 23. f5 f6 24. Nh4 Qxb2 25. Ng6 Rfe8 26. Nf4 Ba3 27. Ne6
Re7 28. d4 Rc1 29. Qf3 Rxf1+ 30. Qxf1 Rd7 31. h3 Qc1 32. Qxc1 Bxc1 33. Nc3 Bb2
34. Ne2 Rd5 35. g4 Ra5 36. N2f4 Rxa4 37. d5 Be5 38. Nd3 Bd6 39. Kg2 Ra3 40.
Ndc5 Bxc5 41. Nxc5 Ra5 42. Nxb7 Rxd5 0-1

[Event "4NCL Division 3 North"]
[Site "Bolton, ENG"]
[Date "2019.02.09"]
[Round "5.14"]
[White "Gayson, Peter M"]
[Black "Doherty, Paul"]
[Result "1-0"]
[WhiteElo "2125"]
[BlackElo "1787"]
[PlyCount "71"]
[EventDate "2019.02.09"]
[WhiteTeam "White Rose 2"]
[BlackTeam "Bolton & Worsley"]

1. e4 Nc6 2. Nf3 f5 3. exf5 d5 4. d4 Bxf5 5. Bd3 Qd7 6. O-O Nf6 7. c3 e6 8. Re1
O-O-O 9. b4 h6 10. b5 Ne7 11. Ne5 Qe8 12. Ba3 Nd7 13. Bxe7 Bxe7 14. Bxf5 exf5
15. Qd3 Nxe5 16. Rxe5 g6 17. a4 Qd7 18. a5 Bd6 19. Re2 Rde8 20. Nd2 Rxe2 21.
Qxe2 Re8 22. Qd3 Qe6 23. Kf1 Bxh2 24. Nf3 Bd6 25. Re1 Qd7 26. Ne5 Bxe5 27. dxe5
c6 28. Qd4 Kb8 29. c4 Qe6 30. bxc6 Qxc6 31. Qxd5 Qa6 32. Qd7 Qe6 33. Qb5 a6 34.
Qc5 g5 35. Rd1 Qxe5 36. Rd8+ 1-0

[Event "4NCL Division 3 North"]
[Site "Bolton, ENG"]
[Date "2019.02.09"]
[Round "5.15"]
[White "Mathieson, David"]
[Black "Burnett, Jim"]
[Result "0-1"]
[WhiteElo "1487"]
[BlackElo "2117"]
[PlyCount "66"]
[EventDate "2019.02.09"]
[WhiteTeam "Bolton & Worsley"]
[BlackTeam "White Rose 2"]

1. e4 e6 2. d4 d5 3. Nd2 Nf6 4. e5 Nfd7 5. Bd3 c5 6. c3 Nc6 7. Ne2 cxd4 8. cxd4
f6 9. Nf4 Nxd4 10. Qh5+ Ke7 11. Ng6+ hxg6 12. exf6+ Nxf6 13. Qxh8 Kf7 14. O-O
e5 15. Nb3 Nf5 16. Bxf5 Bxf5 17. Bg5 Qb6 18. Rac1 Re8 19. Qh4 d4 20. Rfd1 a5
21. Bxf6 gxf6 22. Nd2 Bg7 23. Nc4 Qd8 24. Qg3 Bh6 25. Ne3 Bd7 26. Ng4 Bxc1 27.
Rxc1 Be6 28. b3 Qd7 29. f3 Bxg4 30. fxg4 Re7 31. Kf1 e4 32. Rc4 d3 33. Qh4 Kg7
0-1

[Event "4NCL Division 3 North"]
[Site "Bolton, ENG"]
[Date "2019.02.09"]
[Round "5.16"]
[White "Arnott, Jonathan W"]
[Black "Davies, Brian"]
[Result "1-0"]
[WhiteElo "2135"]
[BlackElo "1322"]
[PlyCount "65"]
[EventDate "2019.02.09"]
[WhiteTeam "White Rose 2"]
[BlackTeam "Bolton & Worsley"]

1. e4 e5 2. Nf3 Nc6 3. d4 exd4 4. Bc4 d6 5. O-O Bg4 6. c3 Ne5 7. Be2 dxc3 8.
Nxe5 Bxe2 9. Qxe2 dxe5 10. Qb5+ c6 11. Qxb7 Qc8 12. Qxc8+ Rxc8 13. Nxc3 Bd6 14.
Be3 Bb8 15. Rfd1 Nf6 16. Bc5 Nd7 17. Ba3 f6 18. Rd2 Kf7 19. Rxd7+ Kg6 20. Rad1
h6 21. R1d3 Rhg8 22. Be7 Rc7 23. Na4 Rxd7 24. Rxd7 f5 25. f3 fxe4 26. fxe4 Re8
27. Nc5 Kh5 28. Ne6 Kg6 29. Nd8 Kh5 30. h3 g5 31. g4+ Kh4 32. Kg2 h5 33. Bc5
1-0